[Event "Coupe de la Federation"]
[Site "CHESSWAR"]
[Date "2004.11.28"]
[Round "?"]
[White "Desassis, Jean-Francois"]
[Black "Montroussier, Jacques"]
[Result "0-1"]
[WhiteElo "1620"]
[BlackElo "1510"]
[PlyCount "100"]
[EventDate "2004.??.??"]

1. d4 d5 2. Nf3 Nf6 3. e3 Bg4 4. Nbd2 e6 5. Bd3 c5 6. O-O Nc6 7. c3 Be7 8. Qb3
Qc7 9. c4 cxd4 10. exd4 dxc4 11. Qxc4 O-O 12. Ne5 Rac8 13. f4 Nxe5 14. dxe5
Qxc4 15. Nxc4 Nd5 16. b3 Bc5+ 17. Kh1 Rfd8 18. Be4 b5 19. h3 bxc4 20. hxg4 cxb3
21. axb3 Bd4 22. Rxa7 Bxa7 23. f5 Ne3 24. Bxe3 Bxe3 25. Rf3 Rc3 26. g5 Rd1+ 27.
Kh2 Bg1+ 28. Kg3 Rxf3+ 29. gxf3 Rd2 30. Kf4 Rb2 31. g6 h6 32. gxf7+ Kxf7 33.
fxe6+ Kxe6 34. Bd3 Bh2+ 35. Ke4 Bxe5 36. Bc4+ Kd6 37. f4 Bf6 38. Kf5 Kc5 39.
Kg4 Kb4 40. f5 Rxb3 41. Bxb3 Kxb3 42. Kh5 Kc4 43. Kg4 Kd4 44. Kf4 Be5+ 45. Kg4
Ke4 46. Kh5 Kd5 47. Kh4 g6 48. Kh3 g5 49. Kg2 h5 50. Kh3 Ke4 0-1

[Event "Coupe de la Federation"]
[Site "?"]
[Date "2004.11.28"]
[Round "?"]
[White "Roche, Marius"]
[Black "Joly, Christian"]
[Result "0-1"]
[WhiteElo "1680"]
[BlackElo "1440"]
[PlyCount "77"]
[EventDate "2004.??.??"]

1. d4 d5 2. g3 Nc6 3. c3 e5 4. dxe5 Nxe5 5. Bf4 Bd6 6. Bg2 c6 7. Qc2 Ne7 8. Nd2
O-O 9. e4 Qb6 10. Be3 Bc5 11. Bxc5 Qxc5 12. Nb3 Qb6 13. O-O-O Ng4 14. Nh3 f5
15. exd5 cxd5 16. Rhe1 Re8 17. Bxd5+ Kf8 18. Bf3 f4 19. Qxh7 Be6 20. Ng5 Ng8
21. Rxe6 Rxe6 22. Qf5+ Rf6 23. Qxg4 Nh6 24. Qd7 Qxf2 25. Nh7+ Kg8 26. Nxf6+
gxf6 27. Bd5+ Kf8 28. Qe6 Kg7 29. Qe7+ Kh8 30. Qxf6+ Kh7 31. Be4+ Kg8 32. Qg6+
Kf8 33. Qxh6+ Ke7 34. Qg7+ Ke6 35. Nd4+ Kd6 36. Qf6+ Kc7 37. Nb5+ Kc8 38. Qf5+
Kb8 39. Rd8# 0-1

[Event "Coupe de la Federation"]
[Site "?"]
[Date "2004.11.28"]
[Round "?"]
[White "Brosse, Benjamin"]
[Black "Peterka, Alois"]
[Result "1-0"]
[WhiteElo "1120"]
[BlackElo "1490"]
[PlyCount "53"]
[EventDate "2004.??.??"]

1. e4 c5 2. Nf3 d6 3. d4 Bg4 4. Nbd2 e6 5. h3 Bh5 6. Be2 Nc6 7. O-O Be7 8. d5
exd5 9. exd5 Ne5 10. Nxe5 Bxe2 11. Qxe2 dxe5 12. Qxe5 Nf6 13. Re1 O-O 14. Ne4
Qxd5 15. Nxf6+ Bxf6 16. Qxd5 b6 17. Bf4 h6 18. Bd6 Rad8 19. Rad1 Rd7 20. Qc6
Rfd8 21. Re8+ Kh7 22. Qe4+ g6 23. Rxd8 Rxd8 24. Qb7 Bxb2 25. Qxf7+ Bg7 26. Be5
Rxd1+ 27. Kh2 1-0

[Event "Coupe de la Federation"]
[Site "?"]
[Date "2004.11.28"]
[Round "?"]
[White "Hyka, Astrit"]
[Black "Barthelemy, Jerome"]
[Result "1-0"]
[WhiteElo "1499"]
[BlackElo "1550"]
[PlyCount "89"]
[EventDate "2004.??.??"]

1. f4 d5 2. b3 c5 3. Nf3 Nc6 4. e3 e6 5. Bb5 Bd7 6. Bb2 a6 7. Bxc6 Bxc6 8. d4
Nf6 9. Nbd2 Bd6 10. Ne5 Bxe5 11. fxe5 Nd7 12. O-O Qg5 13. Qe2 Bb5 14. c4 dxc4
15. bxc4 Bc6 16. Nf3 Qg6 17. Qd2 O-O 18. d5 exd5 19. cxd5 Bb5 20. Rfe1 Rfe8 21.
a4 Bc4 22. e4 Re7 23. Qc3 b5 24. a5 Rae8 25. Qe3 Nxe5 26. Nxe5 Rxe5 27. Bxe5
Rxe5 28. Qxc5 Re8 29. e5 Qf5 30. Qc6 Qc8 31. e6 Qxc6 32. exf7+ Kxf7 33. dxc6
Rc8 34. Rad1 Rxc6 35. Rd7+ Kf6 36. Ree7 Rc8 37. Rxg7 Rb8 38. Rxh7 b4 39. Rb7
Rxb7 40. Rxb7 Bb5 41. Rc7 Ke5 42. Kf2 Kd4 43. Ke1 b3 44. Kd2 Bd3 45. Rd7+ 1-0

[Event "Coupe de la Federation"]
[Site "?"]
[Date "2004.11.28"]
[Round "?"]
[White "Devaux, Kevin"]
[Black "Rios, Pedro"]
[Result "1/2-1/2"]
[WhiteElo "1199"]
[BlackElo "1520"]
[PlyCount "66"]
[EventDate "2004.??.??"]

1. e4 e5 2. Nf3 Nc6 3. Bc4 Bc5 4. Nc3 d6 5. Nd5 Bg4 6. O-O Na5 7. b3 Nxc4 8.
bxc4 c6 9. Nc3 a6 10. h3 Bh5 11. a4 Nf6 12. Ba3 Ba7 13. Ne2 Nxe4 14. d4 Bxf3
15. gxf3 Qg5+ 16. Kh1 Nf6 17. Bxd6 exd4 18. Nxd4 Bxd4 19. Qe2+ Ne4 20. Qxe4+
Kd7 21. Qxd4 Kc8 22. Bf4 Qf5 23. Rfd1 Qxh3+ 24. Kg1 Qf5 25. Qd6 Qg6+ 26. Bg3
Qxd6 27. Rxd6 Rd8 28. Rxd8+ Kxd8 29. Rd1+ Ke7 30. Be5 f6 31. Bd6+ Ke6 32. c5
Rd8 33. Re1+ Kd5 1/2-1/2

[Event "Coupe de la Federation"]
[Site "?"]
[Date "2004.11.28"]
[Round "?"]
[White "Chabas, Jean-Luc"]
[Black "Blanchon, Yannick"]
[Result "1-0"]
[WhiteElo "1540"]
[BlackElo "1199"]
[PlyCount "93"]
[EventDate "2004.??.??"]

1. e4 e5 2. Nf3 Nc6 3. Bb5 d6 4. h3 Nf6 5. O-O Bd7 6. Re1 h6 7. c3 a6 8. Ba4 b5
9. Bb3 Qe7 10. d4 Be6 11. d5 Bd7 12. dxc6 Bxc6 13. Nbd2 d5 14. exd5 Bxd5 15.
Rxe5 Be6 16. Ne4 Nd7 17. Bf4 Nxe5 18. Nxe5 Rd8 19. Qf3 b4 20. Nc6 Qd7 21. Nxd8
Qxd8 22. Ba4+ Bd7 23. Rd1 Be7 24. Rxd7 Qxd7 25. Bxd7+ Kxd7 26. Qg4+ Kd8 27.
Qxg7 Rf8 28. cxb4 Bxb4 29. Qd4+ Bd6 30. Nxd6 cxd6 31. Qxd6+ Ke8 32. Bxh6 Rh8
33. Qb8+ Ke7 34. Qxh8 Kd6 35. Qf6+ Kd5 36. Qf3+ Kd4 37. Be3+ Ke5 38. h4 a5 39.
h5 a4 40. h6 a3 41. bxa3 Kd6 42. h7 Kd7 43. Qf5+ Kd6 44. h8=Q Kc6 45. Qh6+ Kc7
46. Qxf7+ Kc8 47. Qhf8# 1-0

[Event "Coupe de la Federation"]
[Site "?"]
[Date "2004.11.28"]
[Round "?"]
[White "Megnot, Philippe"]
[Black "Ben Habchi, Nordine"]
[Result "1-0"]
[WhiteElo "1390"]
[BlackElo "1499"]
[PlyCount "55"]
[EventDate "2004.??.??"]

1. e4 e5 2. Nf3 Nc6 3. Bc4 h6 4. c3 d6 5. h3 Nf6 6. d3 g6 7. Nbd2 Bg7 8. Nf1
Bd7 9. Bd2 Qe7 10. Ne3 O-O-O 11. a4 a6 12. b4 Na7 13. Qb3 Be8 14. b5 a5 15. b6
Nc6 16. Nd5 Nxd5 17. Bxd5 f5 18. Be3 f4 19. Bd2 g5 20. Qb5 Nd4 21. Qxa5 Nxf3+
22. gxf3 Bf7 23. Ke2 Bxd5 24. Qxd5 Kd7 25. Rab1 Ke8 26. bxc7 Qxc7 27. Rxb7 Qc8
28. Qf7# 1-0

[Event "Coupe de la Federation"]
[Site "?"]
[Date "2004.11.28"]
[Round "?"]
[White "Gregoire, Patrick"]
[Black "Mialon, Franck"]
[Result "1-0"]
[WhiteElo "1390"]
[BlackElo "1400"]
[PlyCount "62"]
[EventDate "2004.??.??"]

1. e4 e5 2. Nf3 Nc6 3. Bc4 Nd4 4. Nxd4 exd4 5. d3 Nf6 6. Qf3 Be7 7. e5 d5 8.
Bb3 Bg4 9. Qg3 h5 10. exf6 Bxf6 11. O-O O-O 12. f3 Bh4 13. Qe5 Be6 14. Qxd4 Bf6
15. Qf2 c5 16. Qxc5 b6 17. Qf2 Rc8 18. c3 d4 19. Bxe6 fxe6 20. c4 Qd6 21. g3
Rc5 22. Bf4 Be5 23. Bxe5 Rxe5 24. Nd2 Rff5 25. Rae1 Rxe1 26. Rxe1 h4 27. Ne4
Qb8 28. g4 Rf4 29. Ng5 Qb7 30. Rxe6 h3 31. Qh4 Rxg4+ 1-0

[Event "Coupe de la Federation"]
[Site "?"]
[Date "2004.11.28"]
[Round "?"]
[White "Joly, Christian"]
[Black "Brosse, Benjamin"]
[Result "1-0"]
[WhiteElo "1440"]
[BlackElo "1120"]
[PlyCount "115"]
[EventDate "2004.??.??"]

1. e4 e5 2. Nf3 Nc6 3. d4 d6 4. dxe5 dxe5 5. Qxd8+ Nxd8 6. Nxe5 Nf6 7. Nc3 Bb4
8. f3 Bxc3+ 9. bxc3 O-O 10. Bc4 Re8 11. Bf4 Nd7 12. Nd3 Ne6 13. Bxe6 Rxe6 14.
Rd1 h6 15. O-O c5 16. Be3 b6 17. Nf4 Re5 18. Nd5 Ba6 19. Rfe1 Rc8 20. Bf4 Re6
21. Nc7 Rf6 22. Nxa6 Rxf4 23. Rxd7 Rf6 24. Nc7 Rb8 25. Nd5 Rg6 26. Ne7+ Kh7 27.
Nxg6 Kxg6 28. Red1 a5 29. R1d6+ f6 30. Rc7 c4 31. Rdd7 Rg8 32. Rxc4 b5 33. Rc5
b4 34. cxb4 axb4 35. Rcc7 h5 36. Rb7 f5 37. exf5+ Kxf5 38. Rxg7 Rc8 39. Rgc7
Ra8 40. Rb5+ Ke6 41. Rc6+ Kd7 42. Rh6 Rxa2 43. Rb7+ Kc8 44. Rg7 Ra1+ 45. Kf2
Rd1 46. Rh8+ Rd8 47. Rxd8+ Kxd8 48. f4 Ke8 49. f5 Kf8 50. Ra7 b3 51. cxb3 h4
52. Kf3 h3 53. g3 Ke8 54. Kg4 Kf8 55. Kg5 Kg8 56. Kf6 Kh8 57. Kg6 Kg8 58. Ra8#
1-0

[Event "Coupe de la Federation"]
[Site "?"]
[Date "2004.11.28"]
[Round "?"]
[White "Montroussier, Jacques"]
[Black "Roche, Marius"]
[Result "0-1"]
[WhiteElo "1510"]
[BlackElo "1680"]
[PlyCount "55"]
[EventDate "2004.??.??"]

1. e4 g6 2. Nf3 d6 3. d4 Bg7 4. c4 c6 5. Nc3 Nf6 6. Be2 O-O 7. O-O a5 8. Be3
Ng4 9. c5 Nxe3 10. fxe3 dxc5 11. e5 Na6 12. Na4 Bh6 13. Qd2 b5 14. Nc3 cxd4 15.
Nxd4 Qb6 16. Kh1 Nb4 17. a3 Nd5 18. Nxd5 cxd5 19. Bxb5 Bb7 20. Rac1 Rac8 21.
Rxc8 Rxc8 22. Qf2 Rf8 23. Qh4 Bxe3 24. Nf5 gxf5 25. Rxf5 Qg6 26. Bd3 d4 27. Rg5
Bxg5 28. Bxg6 0-1

[Event "Coupe de la Federation"]
[Site "?"]
[Date "2004.11.28"]
[Round "?"]
[White "Rios, Pedro"]
[Black "Desassis, Jean-Francois"]
[Result "0-1"]
[WhiteElo "1520"]
[BlackElo "1620"]
[PlyCount "116"]
[EventDate "2004.??.??"]

1. f4 g6 2. Nf3 Bg7 3. d4 d6 4. e3 Nf6 5. Nc3 b6 6. h3 O-O 7. Bd3 Bb7 8. Rg1
Nbd7 9. Bd2 c5 10. Qe2 Rc8 11. f5 c4 12. Bxc4 Kh8 13. g4 Qc7 14. Bd3 e5 15. Nb5
Qc6 16. Nxa7 Qxf3 17. Qxf3 Bxf3 18. Nxc8 Rxc8 19. dxe5 dxe5 20. g5 Ne8 21. Bb5
Nc5 22. Bxe8 Rxe8 23. f6 Bf8 24. Bc3 e4 25. Bd4 h6 26. gxh6 Bxh6 27. b4 Re6 28.
bxc5 bxc5 29. Bxc5 Rc6 30. Bd4 Rxc2 31. a4 Bf8 32. Rb1 Bd6 33. Rg5 Kh7 34. Rb7
Kg8 35. a5 Ra2 36. Bb6 Bb4+ 37. Kf1 Ra1+ 38. Kf2 Be1+ 39. Kg1 Bh4+ 40. Kh2 Bxg5
41. Rb8+ Kh7 42. Bd4 Ra2+ 43. Kg1 Rxa5 44. Rf8 Ra6 45. Rxf7+ Kg8 46. Rg7+ Kh8
47. f7 Bxe3+ 48. Bxe3 Kxg7 49. Kf2 Kxf7 50. Kg3 Kf6 51. h4 Kf5 52. Bf4 Ra3 53.
Bg5 Bh5+ 54. Kf2 Kg4 55. Ke2 Kg3+ 56. Kf1 e3 57. Bxe3 Rxe3 58. Kg1 Re1# 0-1

[Event "Coupe de la Federation"]
[Site "?"]
[Date "2004.11.28"]
[Round "?"]
[White "Barthelemy, Jerome"]
[Black "Devaux, Kevin"]
[Result "1-0"]
[WhiteElo "1550"]
[BlackElo "1199"]
[PlyCount "101"]
[EventDate "2004.??.??"]

1. c4 e5 2. Nc3 Nc6 3. Nf3 d6 4. g3 Nf6 5. Bg2 Be7 6. O-O Be6 7. b3 d5 8. cxd5
Bxd5 9. Nxd5 Nxd5 10. d3 O-O 11. Bb2 Bf6 12. a3 Re8 13. Qc2 Nd4 14. Nxd4 exd4
15. Rfe1 c6 16. Rac1 Bg5 17. Rb1 Qf6 18. e3 Nc3 19. Bxc3 dxc3 20. Rbc1 Rad8 21.
Qxc3 Qxc3 22. Rxc3 Bf6 23. d4 Bxd4 24. Rd3 g6 25. Red1 Bf6 26. f4 Rxd3 27. Rxd3
g5 28. Kf2 gxf4 29. exf4 Rd8 30. Rxd8+ Bxd8 31. Ke3 Be7 32. a4 b5 33. Bxc6 bxa4
34. bxa4 Bc5+ 35. Kf3 Kf8 36. g4 Ke7 37. Ke4 Ke6 38. Bd5+ Ke7 39. h4 Kf8 40. f5
f6 41. g5 fxg5 42. hxg5 Be7 43. f6 Bd8 44. Kf5 a6 45. Ke6 Ke8 46. Be4 Bxf6 47.
gxf6 h5 48. Bg6+ Kf8 49. Bxh5 a5 50. Kd7 Kg8 51. Ke7 1-0

[Event "Coupe de la Federation"]
[Site "?"]
[Date "2004.11.28"]
[Round "?"]
[White "Peterka, Alois"]
[Black "Hyka, Astrit"]
[Result "0-1"]
[WhiteElo "1490"]
[BlackElo "1499"]
[PlyCount "23"]
[EventDate "2004.??.??"]

1. e4 e5 2. Nf3 d6 3. d4 exd4 4. Nxd4 Bd7 5. Bc4 Nc6 6. Nxc6 Bxc6 7. Bd5 Qd7 8.
O-O Nf6 9. Bxc6 Qxc6 10. Nc3 Be7 11. Bg5 Nd5 12. Nxd5 0-1

[Event "Coupe de la Federation"]
[Site "?"]
[Date "2004.11.28"]
[Round "?"]
[White "Ben Habchi, Nordine"]
[Black "Chabas, Jean-Luc"]
[Result "0-1"]
[WhiteElo "1499"]
[BlackElo "1540"]
[PlyCount "90"]
[EventDate "2004.??.??"]

1. e4 c6 2. d4 d5 3. Bd3 dxe4 4. Bxe4 Nf6 5. Nc3 Bg4 6. f3 Bh5 7. Bg5 e6 8. Qd3
Nbd7 9. O-O-O Be7 10. Be3 Nxe4 11. fxe4 Bxd1 12. Qxd1 Bg5 13. Qe2 Nb6 14. Nd1
O-O 15. Nf3 Bxe3+ 16. Qxe3 Qe7 17. Nc3 Rfd8 18. h4 Nc4 19. Qd3 Qb4 20. b3 Qa3+
21. Kd1 Nb2+ 22. Ke2 Nxd3 23. Kxd3 c5 24. Nb5 Qa6 25. a4 Qc6 26. Ne5 Qc8 27. c3
a6 28. Na3 cxd4 29. c4 Qc7 30. Nf3 Qg3 31. Rf1 Qd6 32. b4 Qxb4 33. Nc2 Qb3+ 34.
Ke2 Qxc2+ 35. Nd2 Rac8 36. Rd1 Rxc4 37. g4 Rc5 38. g5 Re5 39. Ke1 Qc3 40. Kf2
Qe3+ 41. Kg2 Qe2+ 42. Kg3 Qxd1 43. Nf3 Rxe4 44. h5 Re3 45. Kf4 Qxf3# 0-1

[Event "Coupe de la Federation"]
[Site "?"]
[Date "2004.11.28"]
[Round "?"]
[White "Blanchon, Yannick"]
[Black "Gregoire, Patrick"]
[Result "0-1"]
[WhiteElo "1199"]
[BlackElo "1390"]
[PlyCount "32"]
[EventDate "2004.??.??"]

1. e4 d5 2. f3 e6 3. exd5 exd5 4. d4 Nf6 5. Bg5 Be7 6. Nc3 O-O 7. Qd2 Nc6 8. a3
Re8 9. O-O-O Ne4 10. fxe4 Bxg5 11. exd5 Bxd2+ 12. Kxd2 Qg5+ 13. Kd3 Bg4 14. Be2
Bxe2+ 15. Ngxe2 Na5 16. b4 Qe3# 0-1

[Event "Coupe de la Federation"]
[Site "?"]
[Date "2004.11.28"]
[Round "?"]
[White "Piss, Stacie"]
[Black "Megnot, Philippe"]
[Result "0-1"]
[WhiteElo "1199"]
[BlackElo "1390"]
[PlyCount "30"]
[EventDate "2004.??.??"]

1. e4 e5 2. Nf3 Nc6 3. Nc3 Bc5 4. d3 Nf6 5. Bg5 h6 6. h4 hxg5 7. g3 d6 8. a3
Ng4 9. d4 exd4 10. Nxd4 Bxd4 11. Qe2 gxh4 12. gxh4 Rxh4 13. Bh3 Nxf2 14. Rh2
Nxh3 15. Rxh3 Bxh3 0-1

[Event "Coupe de la Federation"]
[Site "?"]
[Date "2004.11.28"]
[Round "?"]
[White "Desassis, Jean-Francois"]
[Black "Joly, Christian"]
[Result "0-1"]
[WhiteElo "1620"]
[BlackElo "1440"]
[PlyCount "58"]
[EventDate "2004.??.??"]

1. d4 Nf6 2. Nf3 g6 3. e3 Bg7 4. Bd3 O-O 5. O-O d6 6. Nbd2 c6 7. Ng5 b5 8. f4
Nd5 9. Rf3 Bg4 10. Qe2 Bxf3 11. Qxf3 e5 12. c3 Re8 13. f5 Qxg5 14. Ne4 Qxf5 15.
Qe2 Qd7 16. Bd2 exd4 17. cxd4 Nf6 18. Ng5 Qg4 19. Nf3 Nd5 20. h3 Qd7 21. e4 Na6
22. Qf2 Nf6 23. Rf1 Nxe4 24. Qh4 Nxd2 25. Nxd2 Qe6 26. Nf3 Qe3+ 27. Kh1 Qxd3
28. Ng5 h6 29. Nxf7 Qe2 {erreu de notatoin} 0-1

[Event "Coupe de la Federation"]
[Site "?"]
[Date "2004.11.28"]
[Round "?"]
[White "Roche, Marius"]
[Black "Brosse, Benjamin"]
[Result "1-0"]
[WhiteElo "1680"]
[BlackElo "1120"]
[PlyCount "24"]
[EventDate "2004.??.??"]

1. d4 g6 2. Bf4 Nf6 3. Nf3 Bg7 4. e3 O-O 5. h3 c5 6. c3 b6 7. Be2 Bb7 8. O-O
Na6 9. Qa4 Nc7 10. Rd1 b5 11. Qc2 c4 12. d5 d6 {erreu de notation} 1-0

[Event "Coupe de la Federation"]
[Site "?"]
[Date "2004.11.28"]
[Round "?"]
[White "Hyka, Astrit"]
[Black "Rios, Pedro"]
[Result "1-0"]
[WhiteElo "1499"]
[BlackElo "1520"]
[PlyCount "35"]
[EventDate "2004.??.??"]

1. b3 e5 2. e4 d6 3. Bc4 Nf6 4. Nc3 Nc6 5. Nd5 Na5 6. Bd3 Bg4 7. Ne2 Nxd5 8.
exd5 b6 9. Bb5+ Bd7 10. Bd3 Be7 11. Ng3 Qc8 12. h3 Bf6 13. Qh5 e4 14. Be2 Bxa1
15. c3 g6 16. Qg5 O-O 17. Nh5 Qd8 18. Qh6 1-0

[Event "Coupe de la Federation"]
[Site "?"]
[Date "2004.11.28"]
[Round "?"]
[White "Peterka, Alois"]
[Black "Barthelemy, Jerome"]
[Result "1/2-1/2"]
[WhiteElo "1490"]
[BlackElo "1550"]
[PlyCount "57"]
[EventDate "2004.??.??"]

1. e4 c5 2. Nf3 e6 3. d4 cxd4 4. Nxd4 a6 5. Bd3 Nc6 6. c3 Nf6 7. Bg5 Be7 8. Nf3
d6 9. O-O O-O 10. Qc2 e5 11. Nbd2 b5 12. a3 Be6 13. h3 Qc7 14. Be3 Na5 15. Ng5
Bd7 16. b4 Nc6 17. Qa2 h6 18. Ngf3 Be6 19. c4 Qd7 20. Nh4 Kh7 21. Nf5 Ng8 22.
Qc2 g6 23. cxb5 axb5 24. Nxe7 Ncxe7 25. Nf3 Rfc8 26. Qe2 Bc4 27. Rfc1 Qe6 28.
Bxc4 Qxc4 29. Rxc4 1/2-1/2

[Event "Coupe de la Federation"]
[Site "?"]
[Date "2004.11.28"]
[Round "?"]
[White "Gregoire, Patrick"]
[Black "Megnot, Philippe"]
[Result "1-0"]
[WhiteElo "1390"]
[BlackElo "1390"]
[PlyCount "117"]
[EventDate "2004.??.??"]

1. e4 e5 2. Nf3 Nc6 3. Bc4 h6 4. Nc3 Bb4 5. Nd5 Be7 6. d4 exd4 7. Nxd4 Ne5 8.
Bf4 d6 9. Bxe5 dxe5 10. Nb5 Bd6 11. Qf3 Be6 12. O-O-O Qc8 13. Rd2 Ne7 14. Nxe7
Bxe7 15. Bxe6 fxe6 16. Qh5+ Kf8 17. Qxe5 c6 18. Nc7 Rb8 19. Nxe6+ Ke8 20. Nxg7+
Kf7 21. Nf5 Qe6 22. Qxe6+ Kxe6 23. Rhd1 Bg5 24. Ne3 Rhg8 25. g3 h5 26. f4 Be7
27. Nf5 Rg4 28. Nxe7 Kxe7 29. Rd7+ Ke8 30. Rh7 h4 31. Rxh4 Rxh4 32. gxh4 Ke7
33. Rg1 Rh8 34. Rg4 b5 35. b4 Kf6 36. a3 Re8 37. f5 Ke5 38. c3 Rd8 39. Kc2 Rh8
40. h3 a6 41. Kd2 Rd8+ 42. Ke2 Ra8 43. Ke3 a5 44. h5 axb4 45. axb4 Ra1 46. f6
Rf1 47. Rg5+ Ke6 48. e5 Rh1 49. Kd4 Rxh3 50. c4 Rh4+ 51. Kc5 Rxc4+ 52. Kb6 Rxb4
53. Kxc6 Rb1 54. Rg4 Kxe5 55. f7 Rf1 56. Rg5+ Kf6 57. f8=Q+ Kxg5 58. Qxf1 Kxh5
59. Kxb5 1-0

[Event "Coupe de la Federation"]
[Site "?"]
[Date "2004.11.28"]
[Round "?"]
[White "Blanchon, Yannick"]
[Black "Ben Habchi, Nordine"]
[Result "1-0"]
[WhiteElo "1199"]
[BlackElo "1499"]
[PlyCount "41"]
[EventDate "2004.??.??"]

1. e4 e5 2. Nc3 Nf6 3. Nf3 Bb4 4. d3 Bxc3+ 5. bxc3 Nc6 6. Bg5 h6 7. Bxf6 Qxf6
8. Be2 O-O 9. O-O d6 10. d4 Bd7 11. dxe5 Nxe5 12. Nxe5 Qxe5 13. Qd4 Rfe8 14.
Qxe5 Rxe5 15. f3 d5 16. Rfd1 Rae8 17. Bd3 a6 18. exd5 Rxd5 19. Bh7+ Kf8 20.
Rxd5 g6 21. Rad1 {erreu de notatatoin} 1-0

[Event "Coupe de la Federation"]
[Site "?"]
[Date "2004.11.28"]
[Round "?"]
[White "Chabas, Jean-Luc"]
[Black "Bruyas, Benjamin"]
[Result "1-0"]
[WhiteElo "1540"]
[BlackElo "1320"]
[PlyCount "113"]
[EventDate "2004.??.??"]

1. e4 e6 2. d4 d5 3. exd5 exd5 4. Bd3 c5 5. c3 Nc6 6. Nf3 Bg4 7. Bb5 Nf6 8. O-O
Be7 9. h3 Bh5 10. b3 a6 11. Bxc6+ bxc6 12. Re1 O-O 13. Bb2 cxd4 14. cxd4 Re8
15. Nbd2 Bb4 16. Rxe8+ Qxe8 17. Rc1 h6 18. a3 Bxd2 19. Qxd2 Ne4 20. Qc2 Rc8 21.
Qe2 Qe6 22. Qe3 Re8 23. Ne5 Ng5 24. Rxc6 Qxc6 25. Nxc6 Rxe3 26. fxe3 Ne4 27.
Ne7+ Kf8 28. Nxd5 f5 29. b4 Nd6 30. Nc7 Be2 31. Kf2 Bb5 32. Nxb5 axb5 33. Kf3
g5 34. g4 fxg4+ 35. Kxg4 Kg7 36. h4 gxh4 37. Kxh4 Kg6 38. Bc1 h5 39. Kh3 Kf5
40. Kh4 Kg6 41. d5 Ne4 42. Bb2 Nd6 43. Be5 Nc4 44. Bf4 Nb6 45. e4 Nd7 46. e5
Kf5 47. e6 Nf6 48. Bg5 Nxd5 49. e7 Nc7 50. Kxh5 Ne8 51. Bh4 Ke6 52. Kg6 Kd7 53.
Kf5 Kd6 54. Ke4 Kc6 55. Ke5 Kd7 56. Kd4 Nc7 57. Kc5 1-0

[Event "Coupe de la Federation"]
[Site "?"]
[Date "2004.11.28"]
[Round "?"]
[White "Piss, Stacie"]
[Black "Mialon, Franck"]
[Result "0-1"]
[WhiteElo "1199"]
[BlackElo "1400"]
[PlyCount "98"]
[EventDate "2004.??.??"]

1. e4 e5 2. Nf3 Nc6 3. Nc3 Bc5 4. d3 Nf6 5. Be3 Qe7 6. Be2 Bxe3 7. fxe3 Ng4 8.
h3 Nxe3 9. Qd2 Nxg2+ 10. Kf1 Nf4 11. Re1 Nd4 12. Nxd4 exd4 13. Nd5 Nxd5 14.
exd5 Qf6+ 15. Bf3+ Kf8 16. Rh2 Qxf3+ 17. Rf2 Qxh3+ 18. Rg2 d6 19. Qe2 Bd7 20.
Qe7+ Kg8 21. Kg1 g6 22. Rf1 Qe3+ 23. Qxe3 dxe3 24. Re1 Re8 25. a3 Kg7 26. Kf1
Bh3 27. b4 Bxg2+ 28. Kxg2 Re7 29. Kf3 Rhe8 30. c4 Re5 31. b5 Rf5+ 32. Ke2 Rf2+
33. Kd1 e2+ 34. Kd2 Rf1 35. Rxe2 Rxe2+ 36. Kxe2 Ra1 37. d4 Rxa3 38. c5 h5 39.
c6 b6 40. Kd2 h4 41. Ke2 h3 42. Kf2 g5 43. Ke1 g4 44. Kf2 Ra2+ 45. Kg3 h2 46.
Kxg4 h1=Q 47. Kf5 Rf2+ 48. Kg4 Qg1+ 49. Kh3 Rh2# 0-1